000 00831nam a2200301Ia 4500
001 63115
003 IT-RoPAU
008 130308s9999 xx 000 0 und d
040 _aIT-RoPAU
040 _cIT-RoPAU
041 _aITALIANO
100 _aPlanelli Antonio
100 _gCodice Aut. SPICS: 12858
245 _aMusica teatrale (La)
245 _bMusica e Cultura nel Settecento Europeo
250 _a1a ed.
260 _aTORINO
260 _bEDT
260 _c1986 [1° Ed.:1986 - Ed.Ling.Originale:1772]
300 _a"13 p. (prefazione: no ; testo: 13 [pagine: 217-229])"
500 _aStile della Musica Teatrale Umanisti e letterati Italiani di Fronte Alla Musica
650 _aSAGGI MUSICALI
650 _eCodice materia Spics: 7011
942 _cBK
957 _71
999 _c60165
_d60165
999 _bSI
999 _g1